Das Totenbuch des Jah-mes (pLouvre E. 11085) aus der fruhen 18. Dynastie
Αποθηκεύτηκε σε:
| Κύριος συγγραφέας: | |
|---|---|
| Μορφή: | Βιβλίο |
| Γλώσσα: | German |
| Δημοσίευση: |
Wiesbaden :
Harrassowitz,
1995
|
| Σειρά: | Handschriften des Altagyptischen Totenbuches ;
; 1 |
| Θέματα: | |
| Ετικέτες: |
Προσθήκη ετικέτας
Δεν υπάρχουν, Καταχωρήστε ετικέτα πρώτοι!
|
MARC
| LEADER | 00000nam a2200000 i 4500 | ||
|---|---|---|---|
| 001 | 1/77554 | ||
| 008 | 080317s1995 ger d | ||
| 020 | |a 3-447-03685-0 | ||
| 035 | |l 10095487 | ||
| 040 | |a GR-MY-UA |b gre |e aacr | ||
| 041 | 0 | |a ger | |
| 082 | 0 | |a 299.31 |2 (22) | |
| 100 | 1 | |a Munro, Irmtraut. | |
| 245 | 1 | 4 | |a Das Totenbuch des Jah-mes (pLouvre E. 11085) aus der fruhen 18. Dynastie / |c Irmtraut Munro |
| 260 | |a Wiesbaden : |b Harrassowitz, |c 1995 | ||
| 300 | |a x, 21 σ.; |b φωτ., σχέδια; |c 30-34 εκ. | ||
| 490 | 1 | |a Handschriften des Altagyptischen Totenbuches |v ; 1 | |
| 500 | |a Το βιβλίο και 25 φύλλα με ιερογλυφικές απεικονίσεις περιέχονται σε θήκη | ||
| 504 | |a Περιλαμβάνει βιβλιογραφίες | ||
| 651 | 0 | |a Egypt |x Religion |x Sacred books. | |
| 651 | 0 | |a Egypt |x Antiquities. | |
| 830 | 0 | |a Handschriften des Altagyptischen Totenbuches ; |v ; 1 | |
| 852 | |a INST |b RHODES |e 20080317 |h 299.31 MUN |p 005400029721 |q 005400029721 |t REF |y 23 | ||
| 901 | |a BIBL4-2008-1 | ||
| 909 | |a Ρ |b 151039 | ||
| 922 | |a 4ΕΛΗ |b 200802 |c ΕΠΕΑΕΚ2/ΤΜΣ |d ΕΛΕΥΘΕΡΟΥΔΑΚΗΣ | ||
| 970 | |a ΧΑΡΙΟΠΟΛΙΤΟΥ |b ΚΩΝΣΤΑΝΤΙΝΑ |z 2008/03/17 | ||